First Word in Common Quiz Stats

 Plays Quiz Updated Dec 13, 2012

Challenge
Share
Tweet
Embed
Score 0/20 Timer 05:00
2 Plays Today
Words Preceding Word % Correct
Eye, Flamingo, FloydPink
92.9%
Apple, Bang, BirdBig
88.2%
Hour, Birthday, CamperHappy
87.3%
Dane, Scott, BritainGreat
86.3%
Alert, Ant, ArmyRed
84.8%
Acres, Day, GoblinGreen
83.9%
Rabbit, Frost, KnifeJack
80.5%
Aid, Base, ClassFirst
77.2%
Handles, Letter, AffairLove
76.2%
School, Break, OlympicsSummer
75.9%
Words Preceding Word % Correct
Bear, Bean, EyeBlack
75.5%
Favor, Girl, PooperParty
73.5%
Sled, Pound, BiscuitDog
72.7%
Boomer, Buggy, OilBaby
72.5%
Keeper, Corps, TreatyPeace
69.8%
Slicker, Bred, HallCity
65%
Dog, Banana, DrawerTop
59.1%
Cake, Grounds, PotCoffee
58.3%
Cup, Knife, MilkButter
41%
Drive, Market, TubeTest
21.5%

You're not logged in!

Compare scores with friends on all Sporcle quizzes.
OR
Log In

You Might Also Like...

Show Comments

Extras

Top Quizzes Today


Score Distribution

Your Account Isn't Verified!

In order to create a playlist on Sporcle, you need to verify the email address you used during registration. Go to your Sporcle Settings to finish the process.

Report this User

Report this user for behavior that violates our Community Guidelines.

Details: